La doctrina de las secreciones internas (Record no. 97348)

MARC details
000 -LEADER
campo de control de longitud fija 01032nam a2200217 i 4500
001 - NÚMERO DE CONTROL
campo de control 97348
003 - IDENTIFICADOR DE NÚMERO DE CONTROL
campo de control ES-MaACL
005 - FECHA Y HORA DE LA ÚLTIMA TRANSACCIÓN
campo de control 20240312062539.0
007 - CAMPO FIJO DE DESCRIPCIÓN FÍSICA--INFORMACIÓN GENERAL
campo de control de longitud fija t|
008 - DATOS DE LONGITUD FIJA--INFORMACIÓN GENERAL
campo de control de longitud fija 050711s1915 sp 001 0 spa d
100 1# - ENTRADA PRINCIPAL--NOMBRE DE PERSONA
Nombre de persona Marañón, Gregorio,
Fechas asociadas al nombre 1887-1960
9 (RLIN) 76311
245 13 - MENCIÓN DEL TÍTULO
Título La doctrina de las secreciones internas
Resto del título : su significación biológica y sus aplicaciones a la patología /
Mención de responsabilidad, etc. por G. Marañón.
260 ## - PUBLICACIÓN, DISTRIBUCIÓN, ETC.
Lugar de publicación, distribución, etc. [Madrid] :
Nombre del editor, distribuidor, etc. Biblioteca Corona,
Fecha de publicación, distribución, etc. 1915.
300 ## - DESCRIPCIÓN FÍSICA
Extensión 232 p. ;
Dimensiones 16 cm.
594 ## - Nota al título y mención de responsabilidad
Nota al título y mención de responsabilidad En proemio: "Con el título 'Significación biológica de la doctrina de las secreciones internas', di un corto número de lecciones, durante el pasado invierno, en la Sección de Ciencias Naturales del Ateneo de Madrid. Estas lecciones constituyen el fundamento de la presente monografía"
610 24 - PUNTO DE ACCESO ADICIONAL DE MATERIA--NOMBRE DE ENTIDAD CORPORATIVA
Nombre de entidad corporativa o nombre de jurisdicción como elemento de entrada Ateneo de Madrid-
Subdivisión de forma Conferencias-
Subdivisión cronológica 1900-1939
9 (RLIN) 1907
650 #4 - PUNTO DE ACCESO ADICIONAL DE MATERIA--TÉRMINO DE MATERIA
Término de materia o nombre geográfico como elemento de entrada Endocrinología.
9 (RLIN) 144424
710 2# - ENTRADA AGREGADA--NOMBRE DE ENTIDAD CORPORATIVA
Nombre de entidad corporativa o nombre de jurisdicción como elemento de entrada Ateneo de Madrid.
Unidad subordinada Sección de Ciencias Naturales.
9 (RLIN) 139161
852 4# - LOCALIZACIÓN
Ubicación ES-MaACL
Número de control de estantería E-312
Holdings
Estatus retirado Estado de pérdida Estado de daño No para préstamo Colección Biblioteca de origen Biblioteca actual Ubicación en estantería Fecha de adquisición Fuente de adquisición Total de préstamos Signatura topográfica completa Código de barras Visto por última vez Precio de reemplazo Tipo de ítem Koha
        Fondo Ateneo de Madrid Biblioteca del Ateneo de Madrid Biblioteca del Ateneo de Madrid Depósito 2 17/01/2008     E-312 1101625 23/02/2023 23/02/2023 Libro impreso